| 000 | 00552nam a2200181Ia 4500 | ||
|---|---|---|---|
| 008 | 240729s9999 xx 000 0 und d | ||
| 022 | _a2717-042X | ||
| 245 | 0 | _aTranslational Research in Urology | |
| 260 | _aIran, Islamic Republic of | ||
| 260 | _bUrology Research Center | ||
| 650 | _a Diseases of the genitourinary system. Urology | ||
| 650 | _a Internal medicine | ||
| 650 | _a Specialties of internal medicine | ||
| 650 | _aMedicine | ||
| 856 | _uhttps://doaj.org/toc/6890434f88a44b5b9f438f8e950ad289 | ||
| 942 | _2ddc | ||
| 942 | _cDOAJEJ | ||
| 999 |
_c69604 _d69604 |
||
| 945 |
_a1 _bMadushi Gamage _c1 _dMadushi Gamage |
||